<?xml version="1.0" encoding="UTF-8"?>
<record
    xmlns:xsi="http://www.w3.org/2001/XMLSchema-instance"
    xsi:schemaLocation="http://www.loc.gov/MARC21/slim http://www.loc.gov/standards/marcxml/schema/MARC21slim.xsd"
    xmlns="http://www.loc.gov/MARC21/slim">

  <leader>00475nam a2200169Ia 4500</leader>
  <controlfield tag="008">230718s9999    xx            000 0 und d</controlfield>
  <datafield tag="041" ind1=" " ind2=" ">
    <subfield code="a">eng</subfield>
  </datafield>
  <datafield tag="082" ind1=" " ind2=" ">
    <subfield code="a">621.815</subfield>
    <subfield code="b">BHA</subfield>
  </datafield>
  <datafield tag="100" ind1=" " ind2=" ">
    <subfield code="a">Bhatt N.D.</subfield>
  </datafield>
  <datafield tag="245" ind1=" " ind2=" ">
    <subfield code="a">Machine Drawing</subfield>
    <subfield code="b">(In First-Angle Projection Method)</subfield>
  </datafield>
  <datafield tag="250" ind1=" " ind2=" ">
    <subfield code="a">43rd</subfield>
  </datafield>
  <datafield tag="260" ind1=" " ind2=" ">
    <subfield code="c">2008</subfield>
    <subfield code="b">Charotar Publishing House</subfield>
  </datafield>
  <datafield tag="300" ind1=" " ind2=" ">
    <subfield code="a">350</subfield>
  </datafield>
  <datafield tag="365" ind1=" " ind2=" ">
    <subfield code="c">Rs.</subfield>
    <subfield code="b">105.00</subfield>
  </datafield>
  <datafield tag="700" ind1=" " ind2=" ">
    <subfield code="a">Bhatt N.D. &amp; Panchal V.M.</subfield>
  </datafield>
  <datafield tag="906" ind1=" " ind2=" ">
    <subfield code="d">O:0029323-Sep-2009B:71304-Jul-2009</subfield>
    <subfield code="c">SS</subfield>
    <subfield code="b">107.1</subfield>
  </datafield>
  <datafield tag="999" ind1=" " ind2=" ">
    <subfield code="c">322549</subfield>
    <subfield code="d">322549</subfield>
  </datafield>
  <datafield tag="952" ind1=" " ind2=" ">
    <subfield code="0">0</subfield>
    <subfield code="1">0</subfield>
    <subfield code="4">0</subfield>
    <subfield code="7">0</subfield>
    <subfield code="a">CCEP</subfield>
    <subfield code="b">CCEP</subfield>
    <subfield code="d">2009-09-23</subfield>
    <subfield code="e">Tbs</subfield>
    <subfield code="f">SS</subfield>
    <subfield code="g">87.15</subfield>
    <subfield code="i">713</subfield>
    <subfield code="l">0</subfield>
    <subfield code="o">621.815</subfield>
    <subfield code="p">CCEP-BK-33756</subfield>
    <subfield code="r">2023-07-18 00:00:00</subfield>
    <subfield code="t">107.1</subfield>
    <subfield code="v">105.00</subfield>
    <subfield code="w">2009-07-04</subfield>
    <subfield code="y">BK</subfield>
    <subfield code="z">033756</subfield>
  </datafield>
</record>
